000 00258nam a2200109Ia 4500
008 200302s9999 xx 000 0 und d
100 _aStuart E. Jacobson
245 _aThe Art of Giving
260 _bHarry N. Abrams, Inc.
260 _c1987
300 _a216 P.,
999 _c1308
_d1308